000 00345pab a2200145 454500
008 180718b2001 xxu||||| |||| 00| 0 eng d
100 _aMungekar, Bhatchaandra L.
245 _aThe political economy of globalisation
260 _c2001
300 _ap.7-11
362 _a9 Dec
650 _aGlobalization
773 _aJanata
909 _a50907
999 _c50907
_d50907